LIBRARY & INFORMATION CENTRE, KCAET, TAVANUR

ONLINE PUBLIC ACCESS CATALOGUE (OPAC)

Pingamy (Record no. 1229)

MARC details
000 -LEADER
fixed length control field 00376cam a2200169ua 4500
041 ## - LANGUAGE CODE
Language code of text/sound track or separate title mal
082 ## - DEWEY DECIMAL CLASSIFICATION NUMBER
Classification number 894.8122
Item number CHA/PI
100 ## - MAIN ENTRY--AUTHOR NAME
Personal name Chandramohan, Alleppy .
245 ## - TITLE STATEMENT
Title Pingamy
260 ## - PUBLICATION, DISTRIBUTION, ETC. (IMPRINT)
Place of publication Alleppy :
Name of publisher Vijayabhanu press ,
Year of publication 1951.
300 ## - PHYSICAL DESCRIPTION
Number of Pages 128 ; .
942 ## - ADDED ENTRY ELEMENTS (KOHA)
Koha item type Books
Holdings
Withdrawn status Lost status Damaged status Home library Current library Date acquired Full call number Accession Number Koha item type
      KAUAET KAUAET 07/04/2012 894.8122 1360 Books
free website counter